Multiculturalism and education

Enregistré dans:
Détails bibliographiques
Auteur principal: Hrivíková, Tatiana, 1959-
Format: Chapitre de livre
Langue:anglais
Sujets:
Tags: Ajouter un tag
Pas de tags, Soyez le premier à ajouter un tag!

MARC

LEADER 00000naa$a2200000$$$4500
001 0183646
005 20240502083431.4
041 0 |a eng 
044 |a HU 
245 1 0 |a Multiculturalism and education  |c Tatiana Hrivíková 
610 2 0 |a vzdelávanie 
610 2 0 |a výchova 
610 2 0 |a kultúra 
610 2 0 |a komunikácia interkultúrna 
610 2 0 |a migrácia 
100 1 |a Hrivíková, Tatiana, 1959-